<?xml version="1.0" encoding="UTF-8"?>
<collection xmlns="http://www.loc.gov/MARC21/slim">
 <record>
  <leader>00472nam a22001575a 4500</leader>
  <controlfield tag="001">EUN.um043746</controlfield>
  <controlfield tag="003">AR-BaUNS</controlfield>
  <controlfield tag="005">20050623122913.0</controlfield>
  <controlfield tag="008">041125s1938####ag############000#0#spa#d</controlfield>
  <datafield tag="245" ind1="1" ind2="3">
   <subfield code="a">El hombre que fue jueves :</subfield>
   <subfield code="b">pesadilla /</subfield>
   <subfield code="c">Gilbert K. Chesterton.</subfield>
  </datafield>
  <datafield tag="260" ind1=" " ind2=" ">
   <subfield code="a">Buenos Aires :</subfield>
   <subfield code="b">Losada,</subfield>
   <subfield code="c">1938.</subfield>
  </datafield>
  <datafield tag="300" ind1=" " ind2=" ">
   <subfield code="a">189 p.</subfield>
  </datafield>
  <datafield tag="100" ind1="1" ind2=" ">
   <subfield code="a">Chesterton, Gilbert K.</subfield>
  </datafield>
  <datafield tag="082" ind1="0" ind2="4">
   <subfield code="a">823</subfield>
  </datafield>
  <datafield tag="653" ind1=" " ind2=" ">
   <subfield code="a">Novela inglesa</subfield>
  </datafield>
  <datafield tag="859" ind1=" " ind2=" ">
   <subfield code="a">Ar-BaUNS</subfield>
   <subfield code="b">BIB. CENTRAL - Sector A</subfield>
   <subfield code="h">823</subfield>
   <subfield code="i">C426h</subfield>
   <subfield code="p">2569/959</subfield>
   <subfield code="t">Ej.2</subfield>
  </datafield>
 </record>
</collection>
